Fairy Tail last names - Statistics

General Stats
  • This quiz has been taken 487 times
    485 since last reset
  • The average score is 11 of 15
Answer Stats
First name Answer % Correct
Natsu dragneel
97%
zeref dragneel
97%
Erza scarlet
96%
gray fullbuster
94%
lucy heartfilia
91%
mirajane strauss
82%
gajeel redfox
78%
wendy marvell
75%
makarov dreyar
66%
cana alberona
65%
freed justine
53%
jellal fernandez
51%
lyon vastia
50%
urtear and ur milkovich
41%
juvia lockster
29%
No matching quizzes found
Score Distribution
Percent of People with Each Score
Percentile by Number Answered
Your Score History
You have not taken this quiz since the last reset